000 00814nam a2200253 a 4500
001 73165
003 BD-RjUL
005 20211209082345.0
008 170528r19641959njua 001 0 eng
035 _a(BD-RjUL)73383
040 _aDLC
_cF
_dBD-RjUL
_beng
041 _aeng
082 _a621.3
_223
_bDEE 1964
100 1 _aDekker, Adrianus J.
_9205580
245 1 0 _aElectrical engineering materials /
_c Adrianus J.Dekker
260 _aEnglewood Cliffs, N.J. :
_bPrentice-Hall,
_c1959 [ Printing 1964].
300 _a208 p. :
_bill. ;
_c24 cm.
500 _aIncludes index
650 0 _aElectrical engineering
_xMaterials.
_9216430
830 _aPrentice-Hall electrical engineering series
_9159643
942 _2ddc
_cBK
999 _c73165
_d73165